INTERNATIONAL JOURNAL OF COMPUTATIONAL MATHEMATICS AND NUMERICAL SIMULATION (Record no. 20178)

MARC details
000 -LEADER
fixed length control field 00323nam a22000977a 4500
003 - CONTROL NUMBER IDENTIFIER
control field SGT
245 ## - TITLE STATEMENT
Title INTERNATIONAL JOURNAL OF COMPUTATIONAL MATHEMATICS AND NUMERICAL SIMULATION
260 ## - PUBLICATION, DISTRIBUTION, ETC. (IMPRINT)
Place of publication, distribution, etc KHURDA
Name of publisher, distributor, etc SHANTANU K PANDA & R.N SATPATHY HI - TECH INSTITUTE OF TECHNOLOGY INDUSTRIAL ESTATE.
Year of Publication 2010
300 ## - PAGE DESCRIPTION
No. of Pages 74
942 ## - ADDED ENTRY ELEMENTS (KOHA)
Source of classification or shelving scheme Dewey Decimal Classification
Koha item type Back Volumes
Holdings
Withdrawn status Lost status Source of classification or shelving scheme Damaged status Not for loan Collection code Home library Current library Shelving location Date acquired Total Checkouts Accession No. (Barcode) Date last seen Bill Date Koha item type
    Dewey Decimal Classification     ENGINEERING SGT Engineering Library SGT Engineering Library On Display 06/07/2020   FEP100 06/07/2020 06/07/2020 Back Volumes